| 000 | 01107 a2200205 4500 | ||
|---|---|---|---|
| 020 | _a0324322291 | ||
| 020 | _a9780324322293 | ||
| 082 | 0 | 4 | _a332 |
| 090 |
_c2561 _d2561 |
||
| 100 | 1 | _aMayo, Herbert B. | |
| 245 | 1 | 0 |
_aBasic finance : _ban introduction to financial institutions, investments and management / _cHerbert B. Mayo. |
| 250 | _a9th ed. | ||
| 260 |
_a[S.l.] : _bSouth-Western College Pub, _c2006. |
||
| 300 |
_a656 p. ; _c24 cm. |
||
| 500 | _aPaperback. | ||
| 520 | _aBASIC FINANCE: AN INTRODUCTION TO FINANCIAL INSTITUTIONS, INVESTMENTS, AND MANAGEMENT uses a proven "modular" approach to help you learn finance concepts quickly and easily. Plus, this edition is enhanced with numerous Internet references, calculator exercises, and tie-ins with Microsoft ? Excel, so you'll be on your way to using the technologies professionals use in the corporate world every day. | ||
| 856 | 4 | 0 |
_3Amazon.com _uhttp://www.amazon.com/exec/obidos/ASIN/0324322291/chopaconline-20 |
| 856 | 4 | 0 |
_3Amazon customer reviews _uhttp://www.chopac.org/cgi-bin/tools/azrev.pl?q=0324322291 |
| 942 |
_aNBS _cBK _k658.15 MAY |
||
| 999 |
_c345056 _d345056 |
||